Central Library OPAC University of Rajshahi

A survey of land use in Hong Kong and the new territories / (Record no. 43896)

MARC details
000 -LEADER
fixed length control field 00789nam a2200241 a 4500
001 - CONTROL NUMBER
control field 43896
003 - CONTROL NUMBER IDENTIFIER
rucl marc code BD-RjUL
005 - DATE AND TIME OF LATEST TRANSACTION
control field 20211209053752.0
008 - FIXED-LENGTH DATA ELEMENTS--GENERAL INFORMATION
fixed length control field 160628s1958 cc ab b 000 0 eng
035 ## - SYSTEM CONTROL NUMBER
System control number (BD-RjUL)44014
040 ## - CATALOGING SOURCE
Original cataloging agency DLC
Transcribing agency DLC
Modifying agency BD-RjUL
Language of cataloging eng
041 ## - LANGUAGE CODE
Language code of text/sound track or separate title eng
082 ## - DEWEY DECIMAL CLASSIFICATION NUMBER
Edition number 23
Classification number 333.73095125
Author mark and year TRS 1958
100 1# - MAIN ENTRY--PERSONAL NAME
Personal name Tregear, T. R.
Fuller form of name (Thomas R.)
9 (RLIN) 134884
245 12 - TITLE STATEMENT
Title A survey of land use in Hong Kong and the new territories /
Statement of responsibility, etc. by Thomas R. Tregear.
260 ## - PUBLICATION, DISTRIBUTION, ETC. (IMPRINT)
Place of publication, distribution, etc. Hong Kong :
Name of publisher, distributor, etc. Hong Kong University Press,
Date of publication, distribution, etc. c1958.
300 ## - PHYSICAL DESCRIPTION
Pagination v, 75 p. :
Illustrations ill. ;
Size 28 cm.
500 ## - GENERAL NOTE
General note "With land use map, 1:80,000."
General note Folded map in pocket.
504 ## - BIBLIOGRAPHY, ETC. NOTE
Bibliography, etc Includes bibliographical references (p. 71).
650 #0 - SUBJECT ADDED ENTRY--TOPICAL TERM
Topical term or geographic name as entry element Land use
Geographic subdivision China
-- Hong Kong.
9 (RLIN) 134885
942 ## - ADDED ENTRY ELEMENTS (KOHA)
Source of classification or shelving scheme Dewey Decimal Classification
Koha item type Books
Holdings
Lost status Source of classification or shelving scheme Damaged status Not for loan Collection code Permanent Location Current Location Shelving location Date acquired Source of acquisition Total Checkouts Full call number Date last seen Copy number Koha item type
  Dewey Decimal Classification     Non-fiction Central Library, University of Rajshahi Central Library, University of Rajshahi   03/02/1964 Zeitlinger   333.73095125 TRS 1958 28/06/2016 C-2 Books